000 00772nam a22002417a 4500
003 UA-OsUOA
001 101691
007 ta
008 20130705b un ||||| |||| 00| 0 ukr d
090 _a811.161.2'282
_bГ57
942 _cBK
040 _aUA-OsUOA
_bukr
_cUA-OsUOA
_dUA-OsUOA
245 _aГовірка села Машеве Чорнобильського району
_cуклад.: Бідношия Ю. І., Дика Л. В.
300 _a456 с.
955 _a1
041 _aukr
080 _a811.161.2'282
020 _a966-507-151-3
260 _aК.
_bДовіра
_c2003
246 3 1 _a1
_nТексти
650 7 _a8 Мовознавство. Художня література. Літературознавство
_2UDC
999 _c387853
_d387853